书目信息 |
| 题名: |
洗尽铅华
|
|
| 作者: | 杨建嬉, 著 | |
| 分册: | ||
| 出版信息: | 贵阳 贵州大学出版社有限责任公司 2021.04 |
|
| 页数: | 315页 | |
| 开本: | 22cm | |
| 丛书名: | ||
| 单 册: | ||
| 中图分类: | G633.412 , G633.41 | |
| 科图分类: | ||
| 主题词: | 英语课--ying yu ke--教学经验--中小学 | |
| 电子资源: | ||
| ISBN: | 978-7-5691-0430-1 | |
| 000 | 01347nam0 2200289 450 | |
| 001 | 012001001077 | |
| 005 | 20140201110133.0 | |
| 010 | @a978-7-5691-0430-1@dCNY68.00 | |
| 099 | @aCAL 012022012520 | |
| 100 | @a20220905d2021 em y0chiy50 ea | |
| 101 | 0 | @achi |
| 102 | @aCN@b520000 | |
| 105 | @aa z 000yy | |
| 106 | @ar | |
| 200 | 1 | @a洗尽铅华@Axi jin qian hua@d= Wash all the attachments@e追寻英语教学效率提升的25年@f杨建嬉著@zeng |
| 210 | @a贵阳@c贵州大学出版社有限责任公司@d2021.04 | |
| 215 | @a315页@c彩图@d22cm | |
| 314 | @a杨建嬉, 2016年成立西西沃教育科技集团, 出任董事长。 | |
| 330 | @a本书稿内容分为六个章节: 第一章为岁末年初的冲击和反思 ; 第二章为从3S1.0到 3SV2.0CC英语的Big Dream ; 第三章为珍惜孩子的每一分钟 ; 第四章为习文练武真功夫, 训练是最有效的学习方法 ; 第五章为内容大脑和神经网络从标准到标准化 ; 第六章为老师是学校的财富。书中的每一章节作者都运用了CC英语培训学校真实的案例辅助说明, 力图用教学笔记的方式, 记录了作者本人在教学方法论上的一些思考。 | |
| 510 | 1 | @aWash all the attachments@zeng |
| 517 | 1 | @a追寻英语教学效率提升的25年@Azhui xun ying yu jiao xue xiao shuai ti sheng de 25 nian |
| 606 | 0 | @a英语课@Aying yu ke@x教学经验@x中小学 |
| 690 | @aG633.412@v5 | |
| 690 | @aG633.41@v4 | |
| 701 | 0 | @a杨建嬉,@Ayang jian xi@f1974-@4著 |
| 801 | 0 | @aCN@bAHXH@c20221111 |
| 905 | @b1365640-3@dG633.412@e1032@f4 | |
| 洗尽铅华= Wash all the attachments:追寻英语教学效率提升的25年/杨建嬉著.-贵阳:贵州大学出版社有限责任公司,2021.04 |
| 315页:彩图;22cm |
| ISBN 978-7-5691-0430-1:CNY68.00 |
| 本书稿内容分为六个章节: 第一章为岁末年初的冲击和反思 ; 第二章为从3S1.0到 3SV2.0CC英语的Big Dream ; 第三章为珍惜孩子的每一分钟 ; 第四章为习文练武真功夫, 训练是最有效的学习方法 ; 第五章为内容大脑和神经网络从标准到标准化 ; 第六章为老师是学校的财富。书中的每一章节作者都运用了CC英语培训学校真实的案例辅助说明, 力图用教学笔记的方式, 记录了作者本人在教学方法论上的一些思考。 |
| ● |
| 相关链接 |
|
|
|
|
正题名:洗尽铅华
索取号:G633.412/1032
 
预约/预借
| 序号 | 登录号 | 条形码 | 馆藏地/架位号 | 状态 | 备注 |
| 1 | 1365640 | 213656408 | 第一样本阅览室/ [索取号:G633.412/1032] | 在馆 | |
| 2 | 1365641 | 213656417 | 教育系资料室/ [索取号:G633.412/1032] | 在馆 | |
| 3 | 1365642 | 213656426 | 教育系资料室/ [索取号:G633.412/1032] | 在馆 | |
| 4 | 1365643 | 213656435 | 第四借阅区/ [索取号:G633.412/1032] | 在馆 |